Staršie slovenské názvy obcí Slovenskej republiky

Bibliographic Details
Other Authors: Majtán, Milan, 1934-2018 (Compiler)
Format: Book
Language:Slovak
PhysicalDescription:128 strán 25 x 18 cm
Published: Bratislava Úrad geodézie, kartografie a katastra Slovenskej republiky 2003
ISBN:8085672693
Edition:[1. vyd.]
Series:Geografické názvoslovné zoznamy OSN Slovenskej republiky
Subjects:

MARC

LEADER 00000cam a2200000 a 4500
001 vtls001472155
003 SK-MaSNL
005 20260425223516.0
008 240226s2003 xo gr 000 0 slo
015 |a SNBA2004/96-03633 
020 |a 8085672693  |q (brožované) 
035 |a SNK000427457 
035 |a urn:nbn:sk:snk-am3ixjw 
035 |a A8D94070-989C-457F-946C-4D7C32A1B850 
035 |a urn:nbn:sk:snk-am00g672 
040 |a SNK  |b slo  |c SNK  |e AACR2 
041 0 |a slo 
043 |a e-xo--- 
044 |a xo  |c SK 
072 7 |a 81  |x Lingvistika. Jazyky  |2 konspekt 
072 7 |a 913:94  |x Historická geografia  |2 konspekt 
080 |a 81`373.21  |2 2011 
080 |a 911.373  |2 2011 
080 |a (437.6)  |2 2011 
080 |a (083.8)  |2 2011 
080 |a 911.3:908  |2 2011 
245 0 0 |a Staršie slovenské názvy obcí Slovenskej republiky  |c zostavil: Milan Majtán 
246 3 1 |a Older Slovak names of the municipalities of the Slovak republic 
250 |a [1. vyd.] 
260 |a Bratislava  |b Úrad geodézie, kartografie a katastra Slovenskej republiky  |c 2003 
300 |a 128 strán  |c 25 x 18 cm 
490 1 |a Geografické názvoslovné zoznamy OSN Slovenskej republiky  |v A 46 
546 |a Súbežný názov v angličtine 
648 7 |a 1773-1997  |2 SNKPH  |9 342515 
650 0 7 |a toponymá  |2 SNKPH  |9 90084 
650 0 7 |a obce  |2 SNKPH  |9 2935 
650 0 7 |a Toponyms  |2 SNKPHeng  |9 328778 
650 0 7 |a Community  |2 SNKPHeng  |9 335947 
650 0 7 |a Historical names  |2 SNKPHeng  |9 342516 
650 0 7 |a Historical topography  |2 SNKPHeng  |9 325442 
650 0 7 |a historický miestopis  |2 SNKPH  |9 236413 
651 7 |a Slovensko  |2 SNKPHgeo  |9 14231 
651 7 |a Slovakia  |2 SNKPHeng  |9 92630 
655 7 |a zoznamy  |2 SNKPH  |9 29645 
655 7 |a Lists  |2 SNKPHeng  |9 267515 
700 1 |a Majtán, Milan,  |d 1934-2018  |4 com  |9 101907 
830 0 |a Geografické názvoslovné zoznamy OSN Slovenskej republiky  |9 277896 
919 |a 80-85672-69-3 
958 |a OND 
999 |c 587780  |d 589710 
952 |t P60, <03>, [BOOK], {603}  |a SNK  |b SNK  |y PREZ  |7 0  |p 17A0421896  |o snkSC 115333  |i snkKSP 4689/2004  |0 0  |1 0  |4 0  |d 2004-03-30  |f 1  |l 0  |r 2025-10-03 00:00:00  |w 2026-02-23 
952 |t P60, <04>, [BOOK], {604}  |a SNK  |b SNK  |y VYP  |7 0  |p 17A0421895  |o snkSC 115333 D1  |i snkKSP 4690/2004  |0 0  |1 0  |4 0  |d 2004-03-30  |l 0  |r 2005-01-02 00:00:00  |w 2026-02-23 
952 |t snkNAZ/A46 801.311(437.6)  |a SNKUST  |b SNKUST  |y PREZ  |7 0  |p 17A0421768  |o snkSC 115333 D2  |i snkKSP 4691/2004  |0 0  |1 0  |4 0  |d 2004-03-30  |l 0  |r 2025-05-29 00:00:00  |w 2026-02-23